Ч. 1; Задачи и методы исследования операций

Bibliographic Details
Parent link:Задачи и методы исследования операций: Учебное пособие/ А. Л. Гольдштейн. Ч. 1.— , 2000
Language:Russian
Published: 2000
Subjects:
Format: Book
KOHA link:https://koha.lib.tpu.ru/cgi-bin/koha/opac-detail.pl?biblionumber=38124

MARC

LEADER 00000nam2a2200000 4500
001 38124
005 20231031005030.0
010 |a 5881512537 
035 |a (RuTPU)RU\TPU\book\38744 
090 |a 38124 
100 |a 20020220d2000 m y0rusy50 ca 
101 0 |a rus 
102 |a RU 
105 |a a j 001zy 
200 0 |a Ч. 1 
210 |d 2000 
215 |a 114 с.  |c ил. 
320 |a Библиогр.: с. 113 
461 1 |0 (RuTPU)RU\TPU\book\38569  |t Задачи и методы исследования операций  |o Учебное пособие  |f А. Л. Гольдштейн  |v Ч. 1  |d 2000 
610 1 |a математика 
610 1 |a исследование операций 
610 1 |a задачи 
610 1 |a методы 
610 1 |a оптимизация 
610 1 |a классический анализ 
610 1 |a динамическое программирование 
610 1 |a учебные пособия 
675 |a 519.8(075.8)  |v 3 
801 1 |a RU  |b 63413507  |c 20020220  |g PSBO 
801 2 |a RU  |b 63413507  |c 20020417  |g PSBO 
942 |c BK